[Event "DSJ Weihnachtsturnier U16: Lasker 2020"]
[Site ""]
[Date "2020.12.28"]
[Round "3"]
[White "Schwandner, Clemens"]
[Black "Artukovic, Benjamin"]
[Result "0-1"]
[Termination "normal"]
[Board "13.1"]
[WhiteElo "1281"]
[BlackElo "1358"]
[WhiteTeam "SC 1951 Nordhausen"]
[BlackTeam "SC Weisse Dame"]
[PlyCount "116"]
[BlackFideId "16204255"]
[EventRounds "7"]
[EventType "team-swiss"]
[EventDate "2020.12.28"]

1. e4 {[%emt 0:00:05]} c5 {[%emt 0:00:04]} 2. d4 {[%emt 0:00:09]} cxd4 { [%emt
0:00:02]} 3. Qxd4 {[%emt 0:00:04]} a6 {[%emt 0:00:02]} 4. Nc3 {[%emt 0:00:04]}
Nc6 {[%emt 0:00:03]} 5. Qd1 {[%emt 0:00:02]} Nf6 {[%emt 0:00:03]} 6. Nf3 {[%emt
0:00:06]} d6 {[%emt 0:00:01]} 7. Bd3 {[%emt 0:00:04]} e6 {[%emt 0:00:05]} 8.
Bg5 {[%emt 0:00:03]} Be7 {[%emt 0:00:02]} 9. O-O {[%emt 0:00:04]} O-O {[%emt
0:00:02]} 10. Re1 {[%emt 0:00:08]} h6 {[%emt 0:00:03]} 11. Bh4 { [%emt
0:00:03]} Qc7 {[%emt 0:00:22]} 12. Bg3 {[%emt 0:00:53]} Qb6 {[%emt 0:00:15]}
13. Rb1 {[%emt 0:00:56]} Rd8 {[%emt 0:00:16]} 14. h3 {[%emt 0:00:03]} d5 {
[%emt 0:00:27]} 15. e5 {[%emt 0:00:42]} Nd7 {[%emt 0:00:10]} 16. a3 {[%emt
0:01:07]} Nc5 {[%emt 0:00:09]} 17. b4 {[%emt 0:00:33]} Nxd3 {[%emt 0:00:16]}
18. cxd3 {[%emt 0:00:13]} Nd4 {[%emt 0:00:35]} 19. Nxd4 {[%emt 0:00:21]} Qxd4 {
[%emt 0:00:00]} 20. Ne2 {[%emt 0:00:12]} Qb6 {[%emt 0:00:15]} 21. d4 {[%emt
0:00:05]} Bd7 {[%emt 0:00:03]} 22. Rc1 {[%emt 0:00:20]} Rdc8 {[%emt 0:00:07]}
23. Rxc8+ {[%emt 0:00:07]} Rxc8 {[%emt 0:00:00]} 24. Qb3 {[%emt 0:00:06]} Bb5 {
[%emt 0:00:13]} 25. Nc3 {[%emt 0:00:30]} Qxd4 {[%emt 0:00:30]} 26. Nxb5 { [%emt
0:00:20]} axb5 {[%emt 0:00:00]} 27. Rd1 {[%emt 0:00:13]} Qb6 {[%emt 0:00:46]}
28. a4 {[%emt 0:00:19]} Rc4 {[%emt 0:00:09]} 29. a5 {[%emt 0:00:27]} Qc6 {
[%emt 0:00:12]} 30. f4 {[%emt 0:00:30]} Rxb4 {[%emt 0:00:07]} 31. Qd3 {[%emt
0:00:15]} Rc4 {[%emt 0:00:07]} 32. Be1 {[%emt 0:00:10]} Rxf4 {[%emt 0:00:12]}
33. Rb1 {[%emt 0:00:14]} Rc4 {[%emt 0:00:15]} 34. Qb3 {[%emt 0:00:28]} Rc1 {
[%emt 0:00:51]} 35. Rxc1 {[%emt 0:00:10]} Qxc1 {[%emt 0:00:01]} 36. Kf1 { [%emt
0:00:38]} Qc4+ {[%emt 0:00:07]} 37. Qxc4 {[%emt 0:00:08]} bxc4 {[%emt 0:00:00]}
38. Ke2 {[%emt 0:00:01]} Kf8 {[%emt 0:00:09]} 39. Ke3 {[%emt 0:00:01]} Ke8
{[%emt 0:00:03]} 40. Kd4 {[%emt 0:00:01]} Kd7 {[%emt 0:00:01]} 41. Kc3 { [%emt
0:00:02]} Kc6 {[%emt 0:00:03]} 42. Kb2 {[%emt 0:00:03]} Kb5 {[%emt 0:00:03]}
43. Kc2 {[%emt 0:00:05]} Bb4 {[%emt 0:00:02]} 44. Bxb4 {[%emt 0:00:03]} Kxb4
{[%emt 0:00:00]} 45. Kb2 {[%emt 0:00:02]} Kxa5 {[%emt 0:00:02]} 46. Kc3 { [%emt
0:00:01]} b5 {[%emt 0:00:03]} 47. Kb2 {[%emt 0:00:02]} b4 {[%emt 0:00:02] } 48.
Kc2 {[%emt 0:00:01]} Ka4 {[%emt 0:00:02]} 49. Kb2 {[%emt 0:00:01]} c3+ { [%emt
0:00:04]} 50. Kc2 {[%emt 0:00:01]} d4 {[%emt 0:00:02]} 51. g4 {[%emt 0:00:02]}
b3+ {[%emt 0:00:02]} 52. Kb1 {[%emt 0:00:02]} c2+ {[%emt 0:00:07]} 53. Kc1
{[%emt 0:00:02]} Ka3 {[%emt 0:00:02]} 54. g5 {[%emt 0:00:02]} hxg5 { [%emt
0:00:03]} 55. h4 {[%emt 0:00:01]} gxh4 {[%emt 0:00:03]} 56. Kd2 {[%emt
0:00:01]} Kb2 {[%emt 0:00:08]} 57. Kd3 {[%emt 0:00:02]} c1=Q {[%emt 0:00:06]}
58. Ke4 {[%emt 0:00:03]} Qe3# {[%emt 0:00:05]} 0-1

[Event "DSJ Weihnachtsturnier U16: Lasker 2020"]
[Site ""]
[Date "2020.12.28"]
[Round "3"]
[White "Movsisyan, Andranik"]
[Black "Stahl, Phillip"]
[Result "1-0"]
[Termination "normal"]
[Board "13.2"]
[WhiteElo "1578"]
[BlackElo "1222"]
[WhiteTeam "SC Weisse Dame"]
[BlackTeam "SC 1951 Nordhausen"]
[PlyCount "37"]
[WhiteFideId "16240391"]
[BlackFideId "34624015"]
[EventRounds "7"]
[EventType "team-swiss"]
[EventDate "2020.12.28"]

1. e4 {[%emt 0:00:04]} c6 {[%emt 0:00:05]} 2. d4 { [%emt 0:00:05]} d5 {[%emt
0:00:02]} 3. Nc3 {[%emt 0:00:02]} dxe4 {[%emt 0:00:44]} 4. Nxe4 {[%emt
0:00:00]} Bf5 {[%emt 0:00:47]} 5. Ng3 {[%emt 0:00:07]} Bg6 {[%emt 0:00:13]} 6.
Nf3 {[%emt 0:00:04]} Nf6 {[%emt 0:00:12]} 7. h4 {[%emt 0:00:09]} h6 {[%emt
0:00:16]} 8. h5 {[%emt 0:00:09]} Bh7 {[%emt 0:00:04]} 9. Bd3 {[%emt 0:00:04]}
Nbd7 {[%emt 0:00:21]} 10. Bf4 {[%emt 0:01:10]} e6 {[%emt 0:00:13]} 11. c3
{[%emt 0:00:16]} c5 {[%emt 0:00:28]} 12. Bxh7 {[%emt 0:00:09]} Rxh7 {[%emt
0:00:04]} 13. Qd2 {[%emt 0:00:56]} cxd4 {[%emt 0:01:07]} 14. Qxd4 { [%emt
0:00:11]} Bc5 {[%emt 0:00:04]} 15. Qd2 {[%emt 0:00:43]} Nd5 {[%emt 0:00:12]}
16. O-O-O {[%emt 0:00:56]} Nxf4 {[%emt 0:00:08]} 17. Qxf4 {[%emt 0:00:03]} Bxf2
{[%emt 0:00:10]} 18. Ne5 {[%emt 0:00:11]} Bxg3 {[%emt 0:00:29]} 19. Qxf7#
{[%emt 0:00:05]} 1-0

[Event "DSJ Weihnachtsturnier U16: Lasker 2020"]
[Site ""]
[Date "2020.12.28"]
[Round "3"]
[White "Mund, Raphael"]
[Black "Tunc, Ozan Kurtul"]
[Result "0-1"]
[Termination "normal"]
[Board "13.3"]
[WhiteElo "1128"]
[BlackElo "1655"]
[WhiteTeam "SC 1951 Nordhausen"]
[BlackTeam "SC Weisse Dame"]
[PlyCount "58"]
[WhiteFideId "34667164"]
[EventRounds "7"]
[EventType "team-swiss"]
[EventDate "2020.12.28"]

1. e4 {[%emt 0:00:00] Restarted W (13.22e) OK Restarted B (13.22em)} e5 { [%emt
0:00:16]} 2. Nf3 {[%emt 0:00:19]} Nc6 {[%emt 0:00:08]} 3. Bc4 {[%emt 0:00:03]}
Bc5 {[%emt 0:00:08]} 4. O-O {[%emt 0:00:03]} Nf6 {[%emt 0:00:07]} 5. d3 {[%emt
0:00:08]} O-O {[%emt 0:00:54]} 6. Nc3 {[%emt 0:00:06]} d6 {[%emt 0:00:06]} 7.
Bg5 {[%emt 0:00:07]} Na5 {[%emt 0:00:05]} 8. Bb5 {[%emt 0:00:18]} c6 { [%emt
0:00:05]} 9. Ba4 {[%emt 0:00:09]} h6 {[%emt 0:00:05]} 10. Bh4 {[%emt 0:00:07]}
b5 {[%emt 0:00:06]} 11. Bb3 {[%emt 0:00:03]} a6 {[%emt 0:00:08]} 12. a3 {[%emt
0:00:07]} g5 {[%emt 0:00:20]} 13. Bg3 {[%emt 0:00:05]} Bb6 {[%emt 0:00:05]} 14.
h4 {[%emt 0:00:06]} Nh5 {[%emt 0:00:05]} 15. hxg5 {[%emt 0:00:12]} Nxg3 {[%emt
0:00:05]} 16. Kh2 {[%emt 0:00:24]} Nxf1+ {[%emt 0:00:12]} 17. Qxf1 {[%emt
0:00:02]} Nxb3 {[%emt 0:00:05]} 18. cxb3 {[%emt 0:00:06]} hxg5 {[%emt 0:00:05]}
19. Nxg5 {[%emt 0:00:04]} Qxg5 {[%emt 0:00:03]} 20. Ne2 {[%emt 0:00:08] } Qh4+
{[%emt 0:00:06]} 21. Kg1 {[%emt 0:00:03]} f5 {[%emt 0:00:05]} 22. d4 { [%emt
0:00:23]} fxe4 {[%emt 0:00:04]} 23. g3 {[%emt 0:00:26]} Qg5 {[%emt 0:00:16]}
24. dxe5 {[%emt 0:00:27]} Rxf2 {[%emt 0:00:16]} 25. Qxf2 {[%emt 0:00:19]} Bxf2+
{[%emt 0:00:03]} 26. Kxf2 {[%emt 0:00:03]} Bh3 {[%emt 0:00:02]} 27. Ke1 { [%emt
0:00:03]} Qe3 {[%emt 0:00:03]} 28. Rd1 {[%emt 0:00:05]} Rf8 {[%emt 0:00:02]}
29. Rxd6 {[%emt 0:00:04]} Rf1# {[%emt 0:00:02]} 0-1

[Event "DSJ Weihnachtsturnier U16: Lasker 2020"]
[Site ""]
[Date "2020.12.28"]
[Round "3"]
[White "Maas, Kolja"]
[Black "Ramien, Hannah"]
[Result "1-0"]
[Termination "normal"]
[Board "14.1"]
[WhiteElo "1559"]
[BlackElo "1396"]
[WhiteTeam "Lübecker SV von 1873 2"]
[BlackTeam "Schachgemeinschaft Porz 2"]
[PlyCount "71"]
[WhiteFideId "16220420"]
[BlackFideId "16209982"]
[EventRounds "7"]
[EventType "team-swiss"]
[EventDate "2020.12.28"]

1. e4 {[%emt 0:00:06]} e5 {[%emt 0:00:02]} 2. Nf3 {[%emt 0:00:07]} Nc6 { [%emt
0:00:02]} 3. Bb5 {[%emt 0:00:05]} a6 {[%emt 0:00:02]} 4. Ba4 {[%emt 0:00:16]}
Nf6 {[%emt 0:00:03]} 5. Nc3 {[%emt 0:00:06]} d6 {[%emt 0:00:22]} 6. d4 { [%emt
0:00:05]} exd4 {[%emt 0:00:41]} 7. Nxd4 {[%emt 0:00:04]} Bd7 {[%emt 0:00:12]}
8. Nxc6 {[%emt 0:00:19]} Bxc6 {[%emt 0:00:04]} 9. Bxc6+ {[%emt 0:00:11]} bxc6
{[%emt 0:00:03]} 10. O-O {[%emt 0:00:02]} Be7 {[%emt 0:00:06]} 11. Qd3 { [%emt
0:00:11]} O-O {[%emt 0:00:09]} 12. Bg5 {[%emt 0:00:05]} h6 {[%emt 0:00:08]} 13.
Bh4 {[%emt 0:00:02]} Qd7 {[%emt 0:00:13]} 14. Rae1 {[%emt 0:00:08]} Rfe8 {[%emt
0:00:14]} 15. Re3 {[%emt 0:00:19]} Ng4 {[%emt 0:00:18]} 16. Rh3 { [%emt
0:00:10]} Qe6 {[%emt 0:00:56]} 17. Bxe7 {[%emt 0:00:27]} Qxe7 {[%emt 0:00:16]}
18. f4 {[%emt 0:00:08]} Rab8 {[%emt 0:00:30]} 19. b3 {[%emt 0:00:13]} Nf6
{[%emt 0:01:28]} 20. Re1 {[%emt 0:01:05]} Qd7 {[%emt 0:00:25]} 21. Qxa6 { [%emt
0:00:48]} Ra8 {[%emt 0:00:15]} 22. Qd3 {[%emt 0:00:06]} c5 {[%emt 0:00:14]} 23.
Qg3 {[%emt 0:00:17]} Kh7 {[%emt 0:00:39]} 24. Qd3 {[%emt 0:00:19]} Kh8 {[%emt
0:00:26]} 25. a4 {[%emt 0:00:20]} Rad8 {[%emt 0:00:34]} 26. Nd5 { [%emt
0:00:18]} Nxd5 {[%emt 0:00:23]} 27. Qxd5 {[%emt 0:00:03]} c6 {[%emt 0:00:02]}
28. Qd2 {[%emt 0:00:21]} Re7 {[%emt 0:00:10]} 29. f5 {[%emt 0:00:10]} Rde8
{[%emt 0:00:14]} 30. Qf4 {[%emt 0:00:18]} d5 {[%emt 0:00:36]} 31. e5 {[%emt
0:00:10]} Qc7 {[%emt 0:00:26]} 32. f6 {[%emt 0:00:27]} Re6 {[%emt 0:00:18]} 33.
Ree3 {[%emt 0:00:21]} Qd8 {[%emt 0:00:23]} 34. Rxh6+ {[%emt 0:00:06]} gxh6 {
[%emt 0:00:05]} 35. Qxh6+ {[%emt 0:00:02]} Kg8 {[%emt 0:00:02]} 36. Qg7# {
[%emt 0:00:01]} 1-0

[Event "DSJ Weihnachtsturnier U16: Lasker 2020"]
[Site ""]
[Date "2020.12.28"]
[Round "3"]
[White "Kazimov, Alis"]
[Black "Paulsen, Niels-Martin"]
[Result "1-0"]
[Termination "normal"]
[Board "14.2"]
[WhiteElo "1341"]
[BlackElo "1588"]
[WhiteTeam "Schachgemeinschaft Porz 2"]
[BlackTeam "Lübecker SV von 1873 2"]
[PlyCount "85"]
[WhiteFideId "16255348"]
[BlackFideId "16214994"]
[EventRounds "7"]
[EventType "team-swiss"]
[EventDate "2020.12.28"]

1. e4 {[%emt 0:00:18]} c5 {[%emt 0:00:05]} 2. c4 {[%emt 0:00:14]} Nc6 {[%emt
0:00:09]} 3. Nc3 {[%emt 0:00:03]} g6 {[%emt 0:00:11]} 4. g3 {[%emt 0:00:43]}
Nf6 {[%emt 0:00:08]} 5. Bg2 {[%emt 0:00:18]} Qc7 {[%emt 0:00:09]} 6. Nge2
{[%emt 0:00:51]} Bg7 {[%emt 0:00:08]} 7. d3 {[%emt 0:00:21]} O-O {[%emt
0:00:20]} 8. O-O {[%emt 0:00:19]} a6 {[%emt 0:00:12]} 9. Rb1 {[%emt 0:00:02]}
d6 {[%emt 0:00:17] } 10. h3 {[%emt 0:00:17]} Rb8 {[%emt 0:00:50]} 11. a4 {[%emt
0:00:26]} Nb4 { [%emt 0:01:31]} 12. Be3 {[%emt 0:00:37]} Nd7 {[%emt 0:00:54]}
13. f4 {[%emt 0:02:09]} e6 {[%emt 0:00:47]} 14. b3 {[%emt 0:00:47]} b6 {[%emt
0:00:55]} 15. d4 {[%emt 0:00:53]} cxd4 {[%emt 0:00:07]} 16. Bxd4 {[%emt
0:00:07]} Bb7 {[%emt 0:00:18]} 17. Bxg7 {[%emt 0:00:16]} Kxg7 {[%emt 0:00:01]}
18. Nd4 {[%emt 0:00:13] } d5 {[%emt 0:00:29]} 19. exd5 {[%emt 0:00:10]} exd5
{[%emt 0:00:02]} 20. Nc2 { [%emt 0:00:24]} Nxc2 {[%emt 0:00:57]} 21. Qxc2
{[%emt 0:00:02]} dxc4 {[%emt 0:00:04]} 22. Ne4 {[%emt 0:00:46]} Rbc8 {[%emt
0:00:42]} 23. Rbc1 {[%emt 0:00:25] } Bxe4 {[%emt 0:00:13]} 24. Bxe4 {[%emt
0:00:02]} Nc5 {[%emt 0:00:07]} 25. Qxc4 {[%emt 0:00:04]} Rfe8 {[%emt 0:00:20]}
26. Bd5 {[%emt 0:00:03]} Re7 {[%emt 0:00:12]} 27. Qd4+ {[%emt 0:00:01]} Kg8
{[%emt 0:00:04]} 28. b4 {[%emt 0:00:02]} Rd7 {[%emt 0:00:13]} 29. bxc5 {[%emt
0:00:02]} bxc5 {[%emt 0:00:01]} 30. Qc4 { [%emt 0:00:01]} Qd6 {[%emt 0:00:02]}
31. Bxf7+ {[%emt 0:00:01]} Kf8 {[%emt 0:00:02]} 32. Be6 {[%emt 0:00:01]} Qd4+
{[%emt 0:00:02]} 33. Qxd4 {[%emt 0:00:02] } Rxd4 {[%emt 0:00:01]} 34. Bxc8
{[%emt 0:00:01]} Rd3 {[%emt 0:00:08]} 35. Bxa6 {[%emt 0:00:02]} Rxg3+ {[%emt
0:00:02]} 36. Kf2 {[%emt 0:00:00]} Rxh3 {[%emt 0:00:02]} 37. Rxc5 {[%emt
0:00:01]} Rh2+ {[%emt 0:00:03]} 38. Kg3 {[%emt 0:00:02] } Ra2 {[%emt 0:00:03]}
39. Bb5 {[%emt 0:00:02]} Ra3+ {[%emt 0:00:01]} 40. Kg4 { [%emt 0:00:01]} h5+
{[%emt 0:00:06]} 41. Kg5 {[%emt 0:00:02]} Rg3+ {[%emt 0:00:02]} 42. Kf6 {[%emt
0:00:01]} h4 {[%emt 0:00:02]} 43. Rc8# {[%emt 0:00:02]} 1-0

[Event "DSJ Weihnachtsturnier U16: Lasker 2020"]
[Site ""]
[Date "2020.12.28"]
[Round "3"]
[White "Monakhov, Boris"]
[Black "Rath, Mark"]
[Result "1-0"]
[Termination "normal"]
[Board "14.3"]
[WhiteElo "1634"]
[BlackElo "1184"]
[WhiteTeam "Lübecker SV von 1873 2"]
[BlackTeam "Schachgemeinschaft Porz 2"]
[PlyCount "37"]
[WhiteFideId "16297415"]
[EventRounds "7"]
[EventType "team-swiss"]
[EventDate "2020.12.28"]

1. e4 {[%emt 0:00:07]} e5 {[%emt 0:00:02]} 2. Nf3 {[%emt 0:00:02]} Nc6 { [%emt
0:00:02]} 3. Bb5 {[%emt 0:00:01]} a6 {[%emt 0:00:18]} 4. Bxc6 {[%emt 0:00:11]}
dxc6 {[%emt 0:00:04]} 5. Nc3 {[%emt 0:00:01]} Bd6 {[%emt 0:00:08]} 6. d3 {[%emt
0:00:02]} Nf6 {[%emt 0:00:02]} 7. O-O {[%emt 0:00:04]} O-O {[%emt 0:00:05]} 8.
h3 {[%emt 0:00:01]} Be6 {[%emt 0:00:06]} 9. Bg5 {[%emt 0:00:04]} h6 {[%emt
0:00:03]} 10. Bh4 {[%emt 0:00:04]} Re8 {[%emt 0:00:46]} 11. Qd2 { [%emt
0:00:09]} c5 {[%emt 0:01:19]} 12. Rad1 {[%emt 0:00:14]} b6 {[%emt 0:00:12]} 13.
Rfe1 {[%emt 0:00:12]} c4 {[%emt 0:00:20]} 14. d4 {[%emt 0:00:15]} Bc8 {[%emt
0:01:16]} 15. dxe5 {[%emt 0:00:31]} Bxe5 {[%emt 0:01:11]} 16. Qxd8 { [%emt
0:00:09]} Rxd8 {[%emt 0:00:00]} 17. Rxd8+ {[%emt 0:00:05]} Kh7 {[%emt 0:00:07]}
18. Nxe5 {[%emt 0:00:01]} Be6 {[%emt 0:00:11]} 19. Rxa8 {[%emt 0:00:06] } 1-0

[Event "DSJ Weihnachtsturnier U16: Lasker 2020"]
[Site ""]
[Date "2020.12.28"]
[Round "4"]
[White "Boder, Jan"]
[Black "Pahl, Erik"]
[Result "1-0"]
[Termination "normal"]
[Board "1.1"]
[WhiteElo "2146"]
[BlackElo "2110"]
[WhiteTeam "SC ML Kastellaun"]
[BlackTeam "Delmenhorster SK V 1931"]
[PlyCount "127"]
[WhiteFideId "16243226"]
[BlackFideId "16201272"]
[EventRounds "7"]
[EventType "team-swiss"]
[EventDate "2020.12.28"]

1. c4 {[%emt 0:00:07]} c5 {[%emt 0:00:10]} 2. g3 {[%emt 0:00:02]} g6 {[%emt
0:00:05]} 3. Bg2 {[%emt 0:00:02]} Bg7 {[%emt 0:00:00]} 4. Nc3 {[%emt 0:00:01]}
Nc6 {[%emt 0:00:01]} 5. a3 {[%emt 0:00:01]} d6 {[%emt 0:00:01]} 6. Rb1 { [%emt
0:00:14]} a5 {[%emt 0:00:07]} 7. Nf3 {[%emt 0:00:05]} Bd7 {[%emt 0:00:02] } 8.
O-O {[%emt 0:00:02]} Qc8 {[%emt 0:00:02]} 9. e3 {[%emt 0:00:17]} Bh3 { [%emt
0:00:11]} 10. Nd5 {[%emt 0:00:14]} Bxg2 {[%emt 0:00:27]} 11. Kxg2 { [%emt
0:00:00]} Qd8 {[%emt 0:00:06]} 12. d4 {[%emt 0:00:37]} e6 {[%emt 0:00:07] } 13.
Nc3 {[%emt 0:00:02]} Nge7 {[%emt 0:00:02]} 14. d5 {[%emt 0:00:24]} exd5 { [%emt
0:00:08]} 15. Nxd5 {[%emt 0:00:05]} O-O {[%emt 0:00:07]} 16. Qd3 { [%emt
0:00:24]} a4 {[%emt 0:00:20]} 17. Rd1 {[%emt 0:00:03]} Ra6 {[%emt 0:00:03]} 18.
Bd2 {[%emt 0:00:09]} Nxd5 {[%emt 0:00:45]} 19. Qxd5 {[%emt 0:00:03]} Rb6 {[%emt
0:00:20]} 20. Bc3 {[%emt 0:01:05]} Bxc3 {[%emt 0:00:05]} 21. bxc3 { [%emt
0:00:00]} Rxb1 {[%emt 0:00:01]} 22. Rxb1 {[%emt 0:00:02]} Na5 {[%emt 0:00:02]}
23. Ng5 {[%emt 0:00:46]} Qc7 {[%emt 0:00:56]} 24. Ne4 {[%emt 0:00:32]} Rd8
{[%emt 0:00:03]} 25. Qg5 {[%emt 0:00:48]} Nxc4 {[%emt 0:01:12]} 26. f3 { [%emt
0:01:45]} Rb8 {[%emt 0:01:21]} 27. Nf6+ {[%emt 0:00:17]} Kg7 {[%emt 0:00:02]}
28. Nh5+ {[%emt 0:00:14]} Kg8 {[%emt 0:00:23]} 29. Nf6+ {[%emt 0:00:40]} Kg7
{[%emt 0:00:14]} 30. Nh5+ {[%emt 0:01:10]} Kf8 {[%emt 0:00:14]} 31. Nf6 { [%emt
0:00:24]} Qd8 {[%emt 0:00:44]} 32. Qh6+ {[%emt 0:00:23]} Ke7 {[%emt 0:00:02]}
33. Nd5+ {[%emt 0:00:01]} Kd7 {[%emt 0:00:01]} 34. Qf4 {[%emt 0:00:02]} Ne5
{[%emt 0:00:07]} 35. Nb6+ {[%emt 0:00:05]} Ke8 {[%emt 0:00:09]} 36. Qxa4+ {
[%emt 0:00:04]} Kf8 {[%emt 0:00:05]} 37. f4 {[%emt 0:00:01]} Nc6 {[%emt
0:00:01]} 38. Nd5 {[%emt 0:00:04]} Ra8 {[%emt 0:00:04]} 39. Qe4 {[%emt
0:00:04]} Rxa3 {[%emt 0:00:07]} 40. Rxb7 {[%emt 0:00:01]} Ra2+ {[%emt 0:00:04]}
41. Kg1 { [%emt 0:00:02]} Qa8 {[%emt 0:00:30]} 42. Rb1 {[%emt 0:00:01]} Ra1
{[%emt 0:00:16]} 43. Nc7 {[%emt 0:00:02]} Rxb1+ {[%emt 0:00:04]} 44. Qxb1
{[%emt 0:00:00]} Qb8 {[%emt 0:00:01]} 45. Qxb8+ {[%emt 0:00:03]} Nxb8 {[%emt
0:00:00]} 46. Kf2 { [%emt 0:00:03]} Ke7 {[%emt 0:00:02]} 47. Nd5+ {[%emt
0:00:01]} Ke6 {[%emt 0:00:03]} 48. e4 {[%emt 0:00:00]} Nc6 {[%emt 0:00:47]} 49.
Ke3 {[%emt 0:00:01]} Na5 {[%emt 0:00:03]} 50. Kd3 {[%emt 0:00:03]} f5 {[%emt
0:00:07]} 51. Nc7+ { [%emt 0:00:02]} Kd7 {[%emt 0:00:02]} 52. Nd5 {[%emt
0:00:01]} fxe4+ {[%emt 0:00:24]} 53. Kxe4 {[%emt 0:00:00]} Nb3 {[%emt 0:00:01]}
54. Nf6+ {[%emt 0:00:03] } Ke6 {[%emt 0:00:04]} 55. Nxh7 {[%emt 0:00:00]} Nd2+
{[%emt 0:00:10]} 56. Kd3 {[%emt 0:00:02]} Nf1 {[%emt 0:00:13]} 57. Ng5+ {[%emt
0:00:03]} Kf5 {[%emt 0:00:01]} 58. Nf3 {[%emt 0:00:05]} Kg4 {[%emt 0:00:03]}
59. Ke2 {[%emt 0:00:02]} d5 {[%emt 0:00:09]} 60. Ne5+ {[%emt 0:00:03]} Kh3
{[%emt 0:00:02]} 61. Kxf1 { [%emt 0:00:00]} Kxh2 {[%emt 0:00:00]} 62. Kf2
{[%emt 0:00:00]} Kh3 {[%emt 0:00:01]} 63. Kf3 {[%emt 0:00:01]} Kh2 {[%emt
0:00:02]} 64. Nxg6 {[%emt 0:00:01]} 1-0

[Event "DSJ Weihnachtsturnier U16: Lasker 2020"]
[Site ""]
[Date "2020.12.28"]
[Round "4"]
[White "Pahl, Theis"]
[Black "Ohler, Julius"]
[Result "0-1"]
[Termination "normal"]
[Board "1.2"]
[WhiteElo "2123"]
[BlackElo "2010"]
[WhiteTeam "Delmenhorster SK V 1931"]
[BlackTeam "SC ML Kastellaun"]
[PlyCount "96"]
[WhiteFideId "16201264"]
[BlackFideId "16238982"]
[EventRounds "7"]
[EventType "team-swiss"]
[EventDate "2020.12.28"]

1. e4 {[%emt 0:00:34]} c6 {[%emt 0:00:02]} 2. d4 { [%emt 0:00:05]} d5 {[%emt
0:00:01]} 3. f3 {[%emt 0:00:04]} dxe4 {[%emt 0:00:04] } 4. fxe4 {[%emt
0:00:02]} e5 {[%emt 0:00:01]} 5. Nf3 {[%emt 0:00:02]} exd4 { [%emt 0:00:07]} 6.
Bc4 {[%emt 0:00:02]} Bb4+ {[%emt 0:00:40]} 7. c3 {[%emt 0:00:10]} dxc3 {[%emt
0:00:55]} 8. Bxf7+ {[%emt 0:00:03]} Ke7 {[%emt 0:00:07]} 9. Qb3 {[%emt
0:00:39]} cxb2+ {[%emt 0:00:06]} 10. Qxb4+ {[%emt 0:00:04]} Kxf7 { [%emt
0:00:02]} 11. Bxb2 {[%emt 0:00:02]} Qe7 {[%emt 0:00:09]} 12. Qc4+ { [%emt
0:00:22]} Be6 {[%emt 0:00:10]} 13. Ne5+ {[%emt 0:00:10]} Ke8 {[%emt 0:00:08]}
14. Qd4 {[%emt 0:00:03]} Nf6 {[%emt 0:00:06]} 15. Ba3 {[%emt 0:00:36]} Qd8
{[%emt 0:00:14]} 16. Qe3 {[%emt 0:00:14]} Na6 {[%emt 0:00:19]} 17. O-O { [%emt
0:00:06]} Qb6 {[%emt 0:00:06]} 18. Rf3 {[%emt 0:00:10]} Rd8 {[%emt 0:00:08]}
19. Nc3 {[%emt 0:00:07]} Qxe3+ {[%emt 0:00:10]} 20. Rxe3 {[%emt 0:00:04]} Nd7
{[%emt 0:00:09]} 21. Nf3 {[%emt 0:00:05]} Nb6 {[%emt 0:00:04]} 22. Ne5 { [%emt
0:00:12]} Nc4 {[%emt 0:00:01]} 23. Nxc4 {[%emt 0:00:05]} Bxc4 {[%emt 0:00:01]}
24. e5 {[%emt 0:00:16]} Be6 {[%emt 0:00:14]} 25. Ne4 {[%emt 0:00:06]} Kd7
{[%emt 0:00:20]} 26. Rg3 {[%emt 0:00:12] Delmen2-002 offers a draw} Rhg8 {
[%emt 0:00:16]} 27. Rb1 {[%emt 0:00:17]} b6 {[%emt 0:00:12]} 28. Ng5 {[%emt
0:00:07]} Nc7 {[%emt 0:00:23]} 29. Nxh7 {[%emt 0:00:11]} c5 {[%emt 0:00:15]}
30. Ng5 {[%emt 0:00:13]} Bxa2 {[%emt 0:00:07]} 31. Rf1 {[%emt 0:00:13]} Kc6 {
[%emt 0:00:19]} 32. Ne4 {[%emt 0:00:09]} Rd4 {[%emt 0:00:21]} 33. Nd6 {[%emt
0:00:10]} Be6 {[%emt 0:00:11]} 34. Bb2 {[%emt 0:00:08]} Rg4 {[%emt 0:00:12]}
35. Rgf3 {[%emt 0:00:15]} a5 {[%emt 0:00:17]} 36. h3 {[%emt 0:00:11]} Rb4
{[%emt 0:00:15]} 37. Ba3 {[%emt 0:00:02]} Rd4 {[%emt 0:00:03]} 38. Nf7 {[%emt
0:00:12]} b5 {[%emt 0:00:16]} 39. Ng5 {[%emt 0:00:06]} b4 {[%emt 0:00:06]} 40.
Bb2 { [%emt 0:00:02]} Rd2 {[%emt 0:00:07]} 41. Bc1 {[%emt 0:00:02]} Re2 {[%emt
0:00:09]} 42. Re3 {[%emt 0:00:18]} Rxe3 {[%emt 0:00:13]} 43. Bxe3 {[%emt
0:00:02]} Bd5 {[%emt 0:00:18]} 44. Rc1 {[%emt 0:00:11]} c4 {[%emt 0:00:04]} 45.
h4 { [%emt 0:00:10]} c3 {[%emt 0:00:17]} 46. h5 {[%emt 0:00:14]} Nb5 {[%emt
0:00:05] } 47. Nf3 {[%emt 0:00:18]} Bxf3 {[%emt 0:00:07]} 48. gxf3 {[%emt
0:00:00]} b3 { [%emt 0:00:20]} 0-1